[Event "Wch U10"]
[Site "Batumi"]
[Date "2022.09.23"]
[Round "7"]
[White "Golis, Wiktor"]
[Black "Kuntelia, Luka"]
[Result "1-0"]
[WhiteElo "1955"]
[BlackElo "1331"]
[PlyCount "125"]
[EventDate "2022.09.16"]
[EventType "swiss"]
[EventRounds "11"]
[EventCountry "GEO"]
[SourceTitle "EXT 2023"]
[Source "ChessBase"]
[SourceDate "2022.10.05"]
[SourceVersion "1"]
[SourceVersionDate "2022.10.05"]
[SourceQuality "1"]

1. e4 c5 2. Nf3 d6 3. d4 cxd4 4. Nxd4 Nf6 5. Nc3 Nc6 6. Bc4 e6 7. Be3 a6 8. Qe2 Qc7 9. Bb3 b5 10. 0-0-0 Na5 11. f3 Be7 12. g4 Nxb3+ 13. axb3 b4 14. Na4 0-0 15. h4 Nd7 16. g5 Nc5 17. Qc4 Bd7 18. Qxb4 Nxa4 19. bxa4 Rab8 20. Qa3 Rfc8 21. Rd2 Qa5 22. Kd1 Rc4 23. Ke2 Rxa4 24. Qd3 Rxb2 25. Nb3 Qb5 26. Rc1 Qb8 27. Kf2 Qc8 28. Bf4 Ra3 29. Rcd1 Qc6 30. Kg3 g6 31. Bxd6 Bxd6+ 32. Qxd6 Qxd6+ 33. Rxd6 Rxc2 34. Rxd7 Rxb3 35. Rd8+ Kg7 36. Ra8 Rc7 37. Rdd8 f6 38. Rg8+ Kf7 39. Rgf8+ Kg7 40. Rxf6 Rf7 41. Rxf7+ Kxf7 42. Ra7+ Kg8 43. Rxa6 Kf7 44. Ra7+ Kg8 45. Re7 Rb6 46. Kf4 Rc6 47. Ke5 Rc3 48. f4 Rc8 49. Kxe6 Rf8 50. f5 gxf5 51. exf5 Kh8 52. f6 Kg8 53. Kd7 Rf7 54. Rxf7 Kxf7 55. Kd6 h6 56. Ke5 Kg6 57. Ke6 hxg5 58. hxg5 Kxg5 59. f7 Kg6 60. f8Q Kh7 61. Qf2 Kh8 62. Kf7 Kh7 63. Qh2# 1-0

[Event "Wch U10"]
[Site "Batumi"]
[Date "2022.09.17"]
[Round "2"]
[White "Kim, Donghan"]
[Black "Golis, Wiktor"]
[Result "1/2-1/2"]
[WhiteElo "1446"]
[BlackElo "1955"]
[PlyCount "124"]
[EventDate "2022.09.16"]
[EventType "swiss"]
[EventRounds "11"]
[EventCountry "GEO"]
[SourceTitle "EXT 2023"]
[Source "ChessBase"]
[SourceDate "2022.10.05"]
[SourceVersion "1"]
[SourceVersionDate "2022.10.05"]
[SourceQuality "1"]

1. e4 c5 2. Nf3 d6 3. d4 cxd4 4. Nxd4 Nf6 5. Nc3 a6 6. Bg5 e6 7. f4 Be7 8. Qf3 Qc7 9. 0-0-0 Nbd7 10. Bd3 b5 11. Rhe1 b4 12. Nd5 exd5 13. Nf5 Kd8 14. Nxe7 Kxe7 15. e5 dxe5 16. fxe5 Nxe5 17. Qxd5 Be6 18. Qxe5 Qxe5 19. Rxe5 h6 20. Bxf6+ Kxf6 21. Ra5 Rhc8 22. Rf1+ Ke7 23. Bf5 Bxf5 24. Raxf5 f6 25. Rd1 Rc7 26. Rd4 Rac8 27. Rf2 a5 28. Rd5 a4 29. Rb5 Rc4 30. b3 axb3 31. axb3 Re4 32. Rd2 Ke6 33. Rb6+ Kf5 34. Rf2+ Kg5 35. Rb5+ Kg6 36. Rb6 Rc5 37. Kd2 Rd5+ 38. Kc1 Kg5 39. Kb2 Rde5 40. Rf3 h5 41. Rb8 g6 42. Rb6 f5 43. Rg3+ Rg4 44. Rxb4 Rxg3 45. hxg3 Re2 46. Rd4 Rxg2 47. Rd3 Kg4 48. b4 f4 49. gxf4 h4 50. Rd1 Kxf4 51. b5 Re2 52. Kb3 h3 53. c4 h2 54. b6 Re8 55. c5 Ke5 56. b7 h1Q 57. Rxh1 Kd5 58. Rh7 Kxc5 59. Rg7 Rb8 60. Ka4 Kc6 61. Rxg6+ Kxb7 62. Kb5 Kc7+ 1/2-1/2

[Event "Tatry op"]
[Site "Tatranske Matliare"]
[Date "2022.06.01"]
[Round "6"]
[White "Golis, Wiktor"]
[Black "Nicolini, Alexander"]
[Result "0-1"]
[WhiteElo "1653"]
[BlackElo "2156"]
[PlyCount "68"]
[EventDate "2022.05.28"]
[EventType "swiss"]
[EventRounds "9"]
[EventCountry "SVK"]
[SourceTitle "EXT 2024"]
[Source "ChessBase"]
[SourceDate "2023.10.10"]
[SourceVersion "1"]
[SourceVersionDate "2023.10.10"]
[SourceQuality "1"]

1. d4 e6 2. e4 d5 3. Nd2 c5 4. exd5 exd5 5. Ngf3 Nf6 6. Bb5+ Bd7 7. Bxd7+ Nbxd7 8. 0-0 Be7 9. dxc5 Nxc5 10. Nb3 Nce4 11. c3 0-0 12. Be3 Qc7 13. Qd3 Rfd8 14. Nbd4 a6 15. a4 g6 16. g3 Bd6 17. Nd2 Re8 18. Nxe4 dxe4 19. Qe2 Nd7 20. Qg4 h5 21. Qh4 Nc5 22. Bg5 Ne6 23. Nxe6 Rxe6 24. Rfe1 Rae8 25. Rad1 Qc6 26. g4 hxg4 27. h3 Bc5 28. hxg4 e3 29. fxe3 Qf3 30. Rd2 Rxe3 31. Bxe3 Rxe3 32. Kh2 Qf4+ 33. Kg2 Qe4+ 34. Kh2 Rxe1 0-1

[Event "Zagnansk op"]
[Site "Zagnansk"]
[Date "2022.04.30"]
[Round "1"]
[White "Leskiewicz, Ignacy"]
[Black "Golis, Wiktor"]
[Result "1-0"]
[WhiteElo "2148"]
[BlackElo "1622"]
[PlyCount "55"]
[EventDate "2022.04.29"]
[EventType "swiss"]
[EventRounds "9"]
[EventCountry "POL"]
[SourceTitle "CBM 208 Extra"]
[Source "ChessBase"]
[SourceDate "2022.07.31"]
[SourceVersion "1"]
[SourceVersionDate "2022.07.31"]
[SourceQuality "1"]

1. Nf3 Nf6 2. b3 d6 3. Bb2 e5 4. e3 g6 5. c4 Bg7 6. d4 e4 7. Nfd2 0-0 8. Nc3 Qe7 9. Be2 c6 10. Qc2 Re8 11. h3 h5 12. 0-0-0 c5 13. dxc5 dxc5 14. g4 hxg4 15. hxg4 Bxg4 16. Bxg4 Nxg4 17. Nd5 Qd8 18. Bxg7 Kxg7 19. Qc3+ f6 20. Rdg1 Nxf2 21. Nxf6 Re5 22. Nd5 Nc6 23. Nf4 Nxh1 24. Nxg6 Kf6 25. Nxe5 Nxe5 26. Nxe4+ Kf5 27. Rf1+ Ke6 28. Nxc5+ 1-0

[Event "POL-ch U10"]
[Site "Jastrzebia Gora"]
[Date "2022.03.15"]
[Round "8"]
[White "Rutkowski, Feliks"]
[Black "Golis, Wiktor"]
[Result "1/2-1/2"]
[WhiteElo "1255"]
[BlackElo "1712"]
[PlyCount "86"]
[EventDate "2022.03.08"]
[EventType "swiss"]
[EventRounds "9"]
[EventCountry "POL"]
[SourceTitle "EXT 2023"]
[Source "ChessBase"]
[SourceDate "2022.10.05"]
[SourceVersion "1"]
[SourceVersionDate "2022.10.05"]
[SourceQuality "1"]

1. e4 e5 2. Nf3 Nc6 3. Bc4 Nf6 4. d3 Bc5 5. 0-0 h6 6. c3 d6 7. Nbd2 a6 8. Bb3 Ba7 9. Re1 g5 10. Nf1 g4 11. N3d2 h5 12. Nc4 h4 13. Be3 Nh5 14. Bxa7 Rxa7 15. d4 Qg5 16. dxe5 Nxe5 17. Nxe5 dxe5 18. Qd5 0-0 19. g3 hxg3 20. fxg3 a5 21. a4 Ra6 22. Qd3 Rb6 23. Qc2 Kg7 24. Re2 f5 25. exf5 Bxf5 26. Qd1 Rd8 27. Rd2 Rxd2 28. Qxd2 Qf6 29. Bc4 Qd6 30. Qf2 Bg6 31. Ne3 Nf6 32. Rd1 Qe7 33. Nd5 Nxd5 34. Rxd5 Be4 35. Rd2 Bf3 36. Bb5 Rd6 37. Rxd6 Qxd6 38. Be2 e4 39. Qe3 Kg6 40. Kf2 Kf5 41. h3 gxh3 42. Bxf3 exf3 43. Qxf3+ Kg5 1/2-1/2